| 000 | 00739nam a2200265 a 4500 | ||
|---|---|---|---|
| 001 | 76618 | ||
| 003 | BD-RjUL | ||
| 005 | 20211209082851.0 | ||
| 008 | 191226s1961 enk 00000 eng d | ||
| 035 | _a(BD-RjUL)76842 | ||
| 035 | _a1039136 | ||
| 040 |
_aANL _beng _dSL _cBD-RjUL |
||
| 041 | _aeng | ||
| 082 |
_223 _a364.97471 _bDAD 1961 |
||
| 100 | 1 |
_aDanforth, Harold R. _9236923 |
|
| 245 | 1 | 4 |
_aThe D.A.'s man / _cHarold R. Danforth, James D. Horan. |
| 250 | _aAce Books ed. | ||
| 260 |
_aLondon : _bAce Books, _c1961 |
||
| 300 |
_a348 p. ; _c18 cm. |
||
| 600 | 1 | 0 |
_aDanforth, Harold R. _9236925 |
| 650 | 0 |
_aCrime _zNew York (N.Y.) _9236924 |
|
| 700 | 1 |
_aHoran, James David, _d1914- _9236890 |
|
| 942 |
_2ddc _cBK |
||
| 999 |
_c76618 _d76618 |
||